| 000 | 00715nam a2200217 a 4500 | ||
|---|---|---|---|
| 003 | DO-SdBNP | ||
| 005 | 20240226131512.0 | ||
| 007 | ta | ||
| 008 | 211020e2019 dr ||||gr|||| 001 p spa d | ||
| 020 | _a9789945614244 | ||
| 040 |
_aDO-SdBNP _bspa _cBNPHU |
||
| 082 | 4 |
_222 _bP438e |
|
| 100 | 1 |
_aPérez, Estela, _d1966- _978168 |
|
| 245 |
_aEntre el cielo y tierra te voy buscando / _cEstela Pérez; prólogo, Ángela Hernández de Torres. |
||
| 260 |
_aSanto Domingo : _bSantuario, _c2019 |
||
| 300 |
_a[40 p.] ; _c22 cm. |
||
| 500 | _aIncluye biografía de la autora en la solapa de la portada. | ||
| 590 | _aInventariado 2021 / MF | ||
| 700 | 1 |
_978169 _aHernández de Torres, Ángela, _eprólogo |
|
| 942 |
_2ddc _cLBS1 |
||
| 999 |
_c50786 _d50786 |
||